000 00532nam a2200133Ia 4500
008 100328s9999 xx 000 0 und d
082 _b17069
100 _aलल्ला योगेन्द्रकुमार
245 _aमक्खी और मच्छर की कहानी
260 _bआत्माराम अॅन्ड सन्स
630 _aमक्खी और मच्छर की कहानी
730 _aमक्खी और मच्छर की कहानी
942 _cBOOK
999 _c511698
_d511695